000 00409nam a2200157Ia 4500
003 LK-CoDNM
008 010623t2001 xxu||||| |||| 00| 1 eng d
040 _aLK-CoDNM
_dLK-CoDNM
_eLK-CoDNM
041 _aeng
080 _a159.9 SEN
100 _aSenanayake,Nimal.
_eed.
245 _aTrends in Rebirth Research
260 _bSarvodaya Vishwaleka
_aRatmalana
_c2001
300 _b174p,pl., 24 cm
942 _cBK
999 _c121016
_d121016